Les principales espèces de poissons côtiers en Méditérranée - Statistiques

Statistiques générales
  • Ce quiz a été pris 229 fois
  • Le résultat moyen est 10 sur 23
Statistiques - réponses
Par images Réponse % Correct
Murène
77%
Rouget
76%
Barracuda
70%
Congre
62%
Saupe
59%
Dorade
54%
Mulet
53%
Loup
47%
Denti
46%
Chapon
45%
Corb
44%
Sar tambour
43%
Mérou brun
40%
Sar commun
40%
Serran écriture
40%
Sar à tête noire
31%
Sériole
29%
Labre
25%
Sar à museau pointu
22%
Serran chèvre
22%
Sparaillon
19%
Crénilabre tanche
14%
Canthare
11%
Aucun quiz correspondant
Distribution des résultats
% des personnes avec chaque résultat
Percentile par nombre de réponses
Votre historique - résultats
Vous n’avez pas pris ce quiz